| 000 | 00834nam a2200253Ia 4500 | ||
|---|---|---|---|
| 003 | OSt | ||
| 005 | 20230617114915.0 | ||
| 008 | 210423s2014 xx 000 0 und d | ||
| 020 | _a978-81-8128-474-7 | ||
| 040 | _cAL | ||
| 041 | _aeng | ||
| 082 | _a541.37 BOCM | ||
| 100 |
_aBOCKRIS (John O M);REDDY (Amulya K N);GAMBOA ALDECO (Maria) _9102412 |
||
| 245 |
_aModern electrochemistry V 2B Ed 2 _bElectrodics in chemistry engineering biology and environmental science |
||
| 250 | _a2 | ||
| 260 |
_aNew York _bSpringer Pvt Ltd _c2014 |
||
| 300 |
_axxii,2053p _bPB |
||
| 365 |
_b1395 _cINR |
||
| 440 | _v2B | ||
| 650 |
_aChemistry _9102413 |
||
| 650 |
_aPhysical Chemistry _9102414 |
||
| 906 | _a2B ; biology ; chemistry ; Ed ; electrochemistry ; Electrodics ; engineering ; environmental ; Modern ; science | ||
| 942 |
_2ddc _cBK |
||
| 999 |
_c165863 _d165863 |
||